[Event "La Roda op 50th"]
[Site "La Roda"]
[Date "2024.03.30"]
[Round "7"]
[White "Gomez Falagan, Daniel"]
[Black "Hurtado, Felipe"]
[Result "0-1"]
[WhiteElo "2319"]
[BlackElo "2087"]
[PlyCount "62"]
[EventDate "2024.03.27"]
[EventType "swiss"]
[EventRounds "9"]
[EventCountry "ESP"]
[SourceTitle "CB14_2024"]
[SourceDate "2024.04.01"]
[SourceVersion "1"]
[SourceVersionDate "2024.04.01"]
[SourceQuality "1"]

1. d4 Nf6 2. c4 e6 3. Nc3 Bb4 4. e3 b6 5. Nge2 Ne4 6. Qc2 Bb7 7. a3 Bxc3+ 8. Nxc3 Nxc3 9. Qxc3 d6 10. b3 Qh4 11. d5 Nd7 12. dxe6 fxe6 13. Qd4 Qe7 14. Bb2 e5 15. Qg4 0-0-0 16. 0-0-0 h5 17. Qh3 Rdf8 18. f3 g5 19. Kb1 Kb8 20. Be2 Nf6 21. Qg3 h4 22. Qf2 h3 23. gxh3 Rxh3 24. Rhg1 Qh7+ 25. Bd3 Qh6 26. c5 bxc5 27. e4 Nxe4 28. Qe2 Rxh2 29. Qe1 Nf2 30. Rd2 Nxd3 31. Rxd3 Qg6 0-1

[Event "La Roda op 49th"]
[Site "La Roda"]
[Date "2023.04.07"]
[Round "4"]
[White "Hurtado, Felipe"]
[Black "Martinez Reyes, Pedro Ramon"]
[Result "0-1"]
[WhiteElo "2129"]
[BlackElo "2383"]
[PlyCount "90"]
[EventDate "2023.04.05"]
[EventType "swiss"]
[EventRounds "9"]
[EventCountry "ESP"]
[SourceTitle "CBM 213 Extra"]
[Source "ChessBase"]
[SourceDate "2023.05.31"]
[SourceVersion "1"]
[SourceVersionDate "2023.05.31"]
[SourceQuality "1"]

1. e4 e6 2. d4 d5 3. e5 c5 4. c3 Ne7 5. Nf3 Nec6 6. Bd3 b6 7. Qe2 a5 8. 0-0 Ba6 9. Be3 Bxd3 10. Qxd3 Be7 11. Nfd2 cxd4 12. Bxd4 Nd7 13. Qg3 0-0 14. Nf3 Qc8 15. Re1 Qa6 16. Nbd2 Qd3 17. Nf1 Rfc8 18. Rad1 Qg6 19. Qh3 Nc5 20. Re3 Ne4 21. Ng3 Nxg3 22. Qxg3 Qc2 23. Rd2 Qb1+ 24. Re1 Qxa2 25. Be3 Qb3 26. h4 h5 27. Bg5 Bf8 28. Bf6 Qa4 29. Nd4 Nxd4 30. cxd4 Qb4 31. Qg5 Rc2 32. Rdd1 Qxb2 33. Rd3 Rc3 34. Rd2 Qb4 35. Qxh5 Rac8 36. Qg5 Rc1 37. Rxc1 Rxc1+ 38. Kh2 Qb1 39. Kg3 b5 40. h5 Qf5 41. Qxf5 exf5 42. Bg5 a4 43. Kf4 b4 44. Kxf5 b3 45. Rb2 Rc2 0-1

[Event "St Petersburg Summer op"]
[Site "St Petersburg"]
[Date "2016.08.23"]
[Round "7"]
[White "Markevich, Ilya"]
[Black "Hurtado, Felipe"]
[Result "1-0"]
[WhiteElo "2195"]
[BlackElo "2132"]
[PlyCount "67"]
[EventDate "2016.08.17"]
[EventType "swiss"]
[EventRounds "9"]
[EventCountry "RUS"]
[SourceTitle "CBM 174 Extra"]
[Source "ChessBase"]
[SourceDate "2016.10.10"]
[SourceVersion "1"]
[SourceVersionDate "2016.10.10"]
[SourceQuality "1"]

1. e4 c6 2. d4 d5 3. exd5 cxd5 4. c4 Nf6 5. Nc3 Nc6 6. Bg5 Be6 7. Bxf6 exf6 8. c5 Be7 9. Bb5 0-0 10. Nge2 Qc7 11. 0-0 Rfd8 12. a3 f5 13. b4 f4 14. Qd3 Bf6 15. Ba4 a6 16. Bxc6 bxc6 17. Na4 g6 18. Nb6 Ra7 19. f3 Re8 20. Qd2 Bf5 21. Nxf4 Qb8 22. Rae1 Rae7 23. Rxe7 Rxe7 24. Nbxd5 cxd5 25. Nxd5 Kg7 26. g4 Be6 27. Nxe7 Bxe7 28. d5 Bd7 29. Rc1 Bb5 30. d6 Bf6 31. g5 Bd8 32. c6 Bb6+ 33. Kg2 Qa7 34. c7 1-0

[Event "St Petersburg Summer op"]
[Site "St Petersburg"]
[Date "2016.08.19"]
[Round "3"]
[White "Popovich, Alexey"]
[Black "Hurtado, Felipe"]
[Result "0-1"]
[WhiteElo "1818"]
[BlackElo "2132"]
[PlyCount "96"]
[EventDate "2016.08.17"]
[EventType "swiss"]
[EventRounds "9"]
[EventCountry "RUS"]
[SourceTitle "CBM 174 Extra"]
[Source "ChessBase"]
[SourceDate "2016.10.10"]
[SourceVersion "1"]
[SourceVersionDate "2016.10.10"]
[SourceQuality "1"]

1. e4 c6 2. d4 d5 3. e5 Bf5 4. Nf3 e6 5. Be2 a6 6. 0-0 Nd7 7. Be3 Nh6 8. h3 Bg6 9. Nbd2 b5 10. a4 Be7 11. axb5 axb5 12. c3 Nf5 13. Bf4 0-0 14. Nb3 Ra4 15. Bd3 Qb6 16. Bc2 Rfa8 17. Qe2 Ra2 18. Rxa2 Rxa2 19. Bb1 Ra6 20. Bd3 Qa7 21. Bg5 Bxg5 22. Nxg5 h6 23. Nf3 Ne7 24. Bxg6 Nxg6 25. Ne1 Ra2 26. Nd3 Qc7 27. Qc2 Ne7 28. Ra1 Rxa1+ 29. Nxa1 c5 30. Nxc5 Nxc5 31. dxc5 Qxc5 32. Nb3 Qc4 33. Nd4 b4 34. Qb3 Qxb3 35. Nxb3 bxc3 36. bxc3 Ng6 37. Kf1 Kf8 38. Ke2 Nxe5 39. Nd4 Ke7 40. f4 Nc4 41. Kd3 f6 42. f5 e5 43. Ne6 g5 44. g4 Nb6 45. Nc7 Kd7 46. Ne6 Na4 47. Nf8+ Kd6 48. Ne6 Nc5+ 0-1

[Event "Medellin Semana Santa op"]
[Site "Medellin"]
[Date "2013.03.29"]
[Round "4"]
[White "Hurtado, Felipe"]
[Black "Alvarez, Alvaro"]
[Result "0-1"]
[WhiteElo "2132"]
[BlackElo "2050"]
[PlyCount "87"]
[EventDate "2013.03.27"]
[EventType "swiss"]
[EventRounds "7"]
[EventCountry "COL"]
[SourceTitle "CBM 153 Extra"]
[Source "ChessBase"]
[SourceDate "2013.04.22"]
[SourceVersion "1"]
[SourceVersionDate "2013.04.22"]
[SourceQuality "1"]

1. f4 Nf6 2. Nf3 b6 3. g3 Bb7 4. Bg2 d6 5. c4 Nbd7 6. 0-0 e5 7. d3 Be7 8. Nc3 c6 9. Rb1 Qc7 10. b4 a5 11. a3 axb4 12. axb4 0-0 13. Kh1 Rfe8 14. b5 c5 15. e4 exf4 16. gxf4 Nf8 17. Bh3 Ne6 18. f5 Nf8 19. Rg1 N8d7 20. Rb2 Ra1 21. Rbg2 Bf8 22. Nd2 Ne5 23. Nb3 Raa8 24. Bg5 Ned7 25. Qe1 Kh8 26. Nd2 Ng8 27. Nf3 f6 28. Bf4 Ne5 29. Bxe5 dxe5 30. Nh4 Red8 31. Rg3 Rd4 32. Bf1 Ra5 33. Qd1 Qf7 34. Be2 Qd7 35. Qf1 Qf7 36. Qc1 Ra8 37. Rh3 Nh6 38. Qf1 Rdd8 39. Rhg3 Ra3 40. Qc1 Raa8 41. Qxh6 gxh6 42. Bh5 Qg7 43. Rxg7 Bxg7 44. Rd1 0-1

[Event "Bogota McGregor op 3rd"]
[Site "Bogota"]
[Date "2012.12.15"]
[Round "7"]
[White "Hurtado, Felipe"]
[Black "Cardozo Munar, Carlos Eduardo"]
[Result "0-1"]
[WhiteElo "2127"]
[BlackElo "1948"]
[PlyCount "78"]
[EventDate "2012.12.12"]
[EventType "swiss"]
[EventRounds "9"]
[EventCountry "COL"]
[SourceTitle "EXT 2014"]
[Source "ChessBase"]
[SourceDate "2013.11.20"]
[SourceVersion "1"]
[SourceVersionDate "2013.11.20"]
[SourceQuality "1"]

1. Nf3 e6 2. g3 Nf6 3. Bg2 d5 4. d3 a5 5. 0-0 Bc5 6. Nbd2 Nc6 7. e4 0-0 8. e5 Nd7 9. c3 f6 10. d4 Bb6 11. exf6 Qxf6 12. Qe2 Kh8 13. Nb3 a4 14. Bg5 Qg6 15. Nbd2 e5 16. Be3 exd4 17. Nxd4 Bxd4 18. cxd4 Nf6 19. Rac1 Bf5 20. Qb5 Bd3 21. Qxb7 Bxf1 22. Nxf1 Ne7 23. Bf4 Nf5 24. Be5 Rab8 25. Qxc7 Rxb2 26. Qc5 Qf7 27. Qa3 Rb7 28. Qxa4 Ne4 29. Rc2 Ne7 30. Bf4 Ng6 31. Be3 Qf5 32. Qc6 Rbf7 33. a4 Ne7 34. Bxe4 Qxe4 35. Qc3 Nf5 36. Nd2 Qg4 37. Bf4 Nh4 38. f3 Qh3 39. gxh4 Rxf4 0-1

[Event "Medellin IRT op"]
[Site "Medellin"]
[Date "2012.08.05"]
[Round "4"]
[White "De Arco, Luis Carlos"]
[Black "Hurtado, Felipe"]
[Result "1-0"]
[WhiteElo "2233"]
[BlackElo "2118"]
[PlyCount "75"]
[EventDate "2012.08.03"]
[EventType "swiss"]
[EventRounds "9"]
[EventCountry "COL"]
[SourceTitle "CBM 149 Extra"]
[Source "ChessBase"]
[SourceDate "2012.08.24"]
[SourceVersion "1"]
[SourceVersionDate "2012.08.24"]
[SourceQuality "1"]

1. e4 c6 2. d4 d5 3. Nc3 dxe4 4. Nxe4 Nd7 5. Bc4 Ngf6 6. Ng5 e6 7. Qe2 Nb6 8. Bd3 h6 9. N5f3 c5 10. dxc5 Bxc5 11. Ne5 Nbd7 12. Ngf3 Qc7 13. 0-0 0-0 14. Re1 b6 15. Nxd7 Bxd7 16. Ne5 Rae8 17. Qf3 Bd6 18. Bf4 Nd5 19. Bg3 f5 20. Nxd7 Qxd7 21. Bxd6 Qxd6 22. Bc4 Qc5 23. Qb3 Kh8 24. Qb5 Rc8 25. Qxc5 Rxc5 26. Bb3 Nb4 27. Rxe6 Nxc2 28. Rd1 Rc7 29. a3 b5 30. h3 a5 31. Rb6 b4 32. a4 Re8 33. Rb5 Re1+ 34. Rxe1 Nxe1 35. Rxa5 Rc1 36. Kh2 Nd3 37. Rxf5 Nxb2 38. a5 1-0

[Event "Medellin IRT op"]
[Site "Medellin"]
[Date "2012.08.04"]
[Round "2"]
[White "Botello, Gregory Paul"]
[Black "Hurtado, Felipe"]
[Result "0-1"]
[WhiteElo "2014"]
[BlackElo "2118"]
[PlyCount "56"]
[EventDate "2012.08.03"]
[EventType "swiss"]
[EventRounds "9"]
[EventCountry "COL"]
[SourceTitle "CBM 149 Extra"]
[Source "ChessBase"]
[SourceDate "2012.08.24"]
[SourceVersion "1"]
[SourceVersionDate "2012.08.24"]
[SourceQuality "1"]

1. d4 d5 2. c4 c6 3. Nc3 Nf6 4. Nf3 e6 5. e3 Nbd7 6. Bd3 dxc4 7. Bxc4 b5 8. Bd3 a6 9. 0-0 c5 10. a4 b4 11. Ne2 Bb7 12. Nd2 Bd6 13. Ng3 Rc8 14. Qe2 a5 15. dxc5 Nxc5 16. Bb5+ Ke7 17. Rd1 Qc7 18. b3 Be5 19. Rb1 h5 20. Nc4 h4 21. Nf1 Nfe4 22. Bd2 h3 23. f4 hxg2 24. Nxe5 gxf1Q+ 25. Kxf1 Ng3+ 26. hxg3 Rh1+ 27. Kf2 Rh2+ 28. Ke1 Rxe2+ 0-1

[Event "Bogota McGregor op 2nd"]
[Site "Bogota"]
[Date "2011.12.10"]
[Round "8"]
[White "Hurtado, Felipe"]
[Black "Diaz Herrera, Leider Andres"]
[Result "1-0"]
[WhiteElo "2139"]
[BlackElo "1941"]
[PlyCount "67"]
[EventDate "2011.12.06"]
[EventType "swiss"]
[EventRounds "10"]
[EventCountry "COL"]
[SourceTitle "CBM 145 Extra"]
[Source "ChessBase"]
[SourceDate "2012.01.03"]
[SourceVersion "1"]
[SourceVersionDate "2012.01.03"]
[SourceQuality "1"]

1. e4 c5 2. Nf3 e6 3. d4 cxd4 4. c3 dxc3 5. Nxc3 a6 6. Bf4 d6 7. Bd3 Nc6 8. Qe2 Be7 9. 0-0 Nf6 10. Rfd1 Qc7 11. Rac1 Qb8 12. h3 e5 13. Be3 Be6 14. Ng5 Nd4 15. Bxd4 exd4 16. Nd5 Bd8 17. Nxe6 fxe6 18. Nf4 Kf7 19. Bc4 Re8 20. Qf3 b5 21. Bxe6+ Rxe6 22. Qb3 d5 23. Nxe6 Kxe6 24. exd5+ Kd7 25. Qc2 Qd6 26. Qf5+ Ke8 27. Rc6 Qd7 28. Re1+ Be7 29. Rce6 Nxd5 30. Qxh7 Kd8 31. Qg8+ Qe8 32. Rd6+ Kc7 33. Qxe8 Rxe8 34. Rxd5 1-0

[Event "Medellin Cuartas Memorial"]
[Site "Medellin"]
[Date "2011.08.05"]
[Round "4"]
[White "Hurtado, Felipe"]
[Black "Munoz Galvez, Jhon Edison"]
[Result "1-0"]
[WhiteElo "2105"]
[BlackElo "2254"]
[PlyCount "67"]
[EventDate "2011.08.03"]
[EventType "swiss"]
[EventRounds "8"]
[EventCountry "COL"]
[SourceTitle "CBM 144 Extra"]
[Source "ChessBase"]
[SourceDate "2011.10.28"]
[SourceVersion "1"]
[SourceVersionDate "2011.10.28"]
[SourceQuality "1"]

1. e4 c5 2. Nf3 d6 3. d4 Nf6 4. Nc3 cxd4 5. Qxd4 Nc6 6. Bb5 Bd7 7. Bxc6 Bxc6 8. Bg5 h6 9. Bxf6 gxf6 10. 0-0-0 e6 11. Rhe1 Rg8 12. g3 h5 13. Kb1 Rg4 14. h3 Rg6 15. Nd5 Kd7 16. Nb4 Qc7 17. Re3 Qb6 18. Nxc6 bxc6 19. Qa4 Qb5 20. Qd4 c5 21. Qd2 Ke8 22. Nh4 Rg5 23. f4 Rg8 24. Rb3 Qc6 25. f5 Be7 26. Qe2 Rg5 27. g4 hxg4 28. hxg4 a5 29. Ng2 a4 30. Rh3 Rg8 31. Nf4 Kd7 32. Rh7 Rab8 33. Rxf7 e5 34. Nd5 1-0

[Event "Medellin op 04"]
[Site "Medellin"]
[Date "2010.04.21"]
[Round "1"]
[White "Gallego Alcaraz, Andres Felipe"]
[Black "Hurtado, Felipe"]
[Result "1-0"]
[WhiteElo "2381"]
[BlackElo "2061"]
[PlyCount "49"]
[EventDate "2010.04.21"]
[EventType "swiss"]
[EventRounds "9"]
[EventCountry "COL"]
[SourceTitle "CBM 136 Extra"]
[Source "ChessBase"]
[SourceDate "2010.07.02"]
[SourceVersion "2"]
[SourceVersionDate "2010.07.15"]
[SourceQuality "1"]

1. e4 c6 2. d4 d5 3. e5 Bf5 4. Nc3 a6 5. Be3 Qc7 6. g4 Bd7 7. f4 e6 8. Qf3 c5 9. Nge2 cxd4 10. Nxd4 Nc6 11. 0-0-0 Bb4 12. Nce2 Nge7 13. Kb1 0-0-0 14. Qf2 Ba5 15. Bg2 g6 16. Nb3 Qb8 17. Nxa5 Nxa5 18. Ba7 Qa8 19. Bb6 Nc4 20. Qc5+ Nc6 21. Bxd8 Rxd8 22. b3 b6 23. Qf2 Na3+ 24. Kb2 Nb5 25. Qxb6 1-0

[Event "Medellin Americas op"]
[Site "Medellin"]
[Date "2009.11.13"]
[Round "2"]
[White "Hurtado, Felipe"]
[Black "Uribe, Mauricio"]
[Result "1/2-1/2"]
[WhiteElo "2054"]
[BlackElo "2404"]
[PlyCount "34"]
[EventDate "2009.11.12"]
[EventType "swiss"]
[EventRounds "9"]
[EventCountry "COL"]
[SourceTitle "EXT 2010"]
[Source "ChessBase"]
[SourceDate "2010.11.25"]
[SourceVersion "1"]
[SourceVersionDate "2010.11.25"]
[SourceQuality "1"]

1. e4 e6 2. d4 d5 3. e5 c5 4. Nf3 Nc6 5. Bd3 cxd4 6. 0-0 Nge7 7. Bf4 Ng6 8. Bg3 Qb6 9. Nbd2 Qxb2 10. h4 Be7 11. a4 0-0 12. h5 Nh8 13. Nb3 f5 14. Bf4 Nb4 15. Bd2 Nf7 16. Rb1 Qa3 17. Ra1 Qb2 1/2-1/2

[Event "Medellin GP Feria de Flores"]
[Site "Medellin"]
[Date "2009.08.05"]
[Round "1.1"]
[White "Hurtado, Felipe"]
[Black "Cuartas Medina, Jorge Humberto"]
[Result "0-1"]
[WhiteElo "2056"]
[BlackElo "2281"]
[PlyCount "50"]
[EventDate "2009.08.05"]
[EventType "swiss"]
[EventRounds "9"]
[EventCountry "COL"]
[SourceTitle "EXT 2024"]
[Source "ChessBase"]
[SourceDate "2023.10.10"]
[SourceVersion "1"]
[SourceVersionDate "2023.10.10"]
[SourceQuality "1"]

1. e4 c5 2. Nf3 Nc6 3. d3 e6 4. g3 d5 5. Nbd2 Bd6 6. Bg2 Nge7 7. 0-0 0-0 8. Re1 f6 9. c4 dxe4 10. dxe4 Ng6 11. Nf1 Nge5 12. Nxe5 Bxe5 13. Rb1 Bd4 14. Qe2 e5 15. Ne3 Qe7 16. f4 Be6 17. b3 Rad8 18. f5 Bf7 19. g4 Bxe3+ 20. Bxe3 Nd4 21. Qf2 a6 22. Rbc1 b5 23. Qg3 bxc4 24. g5 Rb8 25. g6 Be8 0-1

[Event "Central America Carribean-ch U20"]
[Site "Medellin"]
[Date "2009.08.04"]
[Round "9"]
[White "Posada, Jorge M"]
[Black "Hurtado, Felipe"]
[Result "1/2-1/2"]
[WhiteElo "2015"]
[BlackElo "2056"]
[PlyCount "72"]
[EventDate "2009.07.30"]
[EventType "swiss"]
[EventRounds "9"]
[EventCountry "COL"]
[SourceTitle "CBM 131 Extra"]
[Source "ChessBase"]
[SourceDate "2009.09.03"]
[SourceVersion "2"]
[SourceVersionDate "2009.09.16"]
[SourceQuality "1"]

1. e4 c6 2. d4 d5 3. Nc3 dxe4 4. Nxe4 Nd7 5. Nf3 Ngf6 6. Nxf6+ Nxf6 7. Be2 Bf5 8. 0-0 e6 9. c3 Bd6 10. Be3 Qc7 11. Re1 Be4 12. Bd3 h6 13. a4 g5 14. h3 Bxd3 15. Qxd3 g4 16. hxg4 Nxg4 17. c4 0-0-0 18. a5 Rhg8 19. d5 Kb8 20. a6 b6 21. Nd4 exd5 22. cxd5 Bh2+ 23. Kf1 Rxd5 24. Rec1 c5 25. b4 Nxe3+ 26. fxe3 Rc8 27. bxc5 Rxc5 28. Rxc5 Qxc5 29. Qe4 Qc7 30. Nf5 Be5 31. Rd1 Qc4+ 32. Qxc4 Rxc4 33. Rd8+ Rc8 34. Rd5 f6 35. Nxh6 Rc1+ 36. Kf2 Ra1 1/2-1/2

[Event "Central America Carribean-ch U20"]
[Site "Medellin"]
[Date "2009.08.03"]
[Round "8"]
[White "Hurtado, Felipe"]
[Black "Duran Vega, Sergio"]
[Result "0-1"]
[WhiteElo "2056"]
[BlackElo "2075"]
[PlyCount "45"]
[EventDate "2009.07.30"]
[EventType "swiss"]
[EventRounds "9"]
[EventCountry "COL"]
[SourceTitle "CBM 131 Extra"]
[Source "ChessBase"]
[SourceDate "2009.09.03"]
[SourceVersion "2"]
[SourceVersionDate "2009.09.16"]
[SourceQuality "1"]

1. e4 c6 2. d4 d5 3. Nc3 dxe4 4. Nxe4 Bf5 5. Ng3 Bg6 6. N1e2 e6 7. h4 h6 8. Nf4 Bh7 9. Bd3 Bxd3 10. Qxd3 Bd6 11. Bd2 Bxf4 12. Bxf4 Qa5+ 13. Bd2 Qa6 14. Qxa6 Nxa6 15. 0-0-0 Nf6 16. f4 0-0-0 17. Be3 Nc7 18. c3 Rd7 19. h5 Rhd8 20. Ne4 Nce8 21. Nxf6 Nxf6 22. g4 g6 23. Kc2 0-1

[Event "Medellin de Apertura op"]
[Site "Medellin"]
[Date "2009.01.29"]
[Round "4"]
[White "Sanchez Sanchez, Andres Felipe"]
[Black "Hurtado, Felipe"]
[Result "0-1"]
[WhiteElo "2102"]
[BlackElo "2033"]
[PlyCount "59"]
[EventDate "2009.01.26"]
[EventType "swiss"]
[EventRounds "9"]
[EventCountry "COL"]
[SourceTitle "EXT 2024"]
[Source "ChessBase"]
[SourceDate "2023.10.10"]
[SourceVersion "1"]
[SourceVersionDate "2023.10.10"]
[SourceQuality "1"]

1. c4 c6 2. Nc3 Nf6 3. d4 d5 4. Nf3 Nbd7 5. Bf4 e6 6. e3 Be7 7. h3 0-0 8. Qc2 a6 9. a3 dxc4 10. Bxc4 b5 11. Bd3 c5 12. Ne5 Bb7 13. 0-0 cxd4 14. exd4 Nb6 15. Rad1 Rc8 16. Qe2 Nbd5 17. Nxd5 Qxd5 18. Nf3 Qh5 19. Ne5 Qxe2 20. Bxe2 Rc2 21. Rd2 Rfc8 22. Bd3 Rc1 23. Re2 Rxf1+ 24. Kxf1 Nd5 25. Bd2 b4 26. Nc4 bxa3 27. bxa3 Bc6 28. Bc1 Bb5 29. Rc2 Nb6 30. Ke1 0-1

[Event "Medellin de Las Americas op"]
[Site "Medellin"]
[Date "2008.11.17"]
[Round "7.24"]
[White "Hurtado, Felipe"]
[Black "Martinez Romero, Martin"]
[Result "0-1"]
[WhiteElo "2044"]
[BlackElo "2027"]
[PlyCount "64"]
[EventDate "2008.11.13"]
[EventType "swiss"]
[EventRounds "9"]
[EventCountry "COL"]
[SourceTitle "EXT 2024"]
[Source "ChessBase"]
[SourceDate "2023.10.10"]
[SourceVersion "1"]
[SourceVersionDate "2023.10.10"]
[SourceQuality "1"]

1. e4 c5 2. Nf3 d6 3. d3 Nc6 4. g3 g6 5. Bg2 Bg7 6. 0-0 e6 7. c3 Nge7 8. Qe2 0-0 9. Ng5 h6 10. Nh3 f5 11. f4 e5 12. a4 Be6 13. Na3 Qc7 14. Nc2 Rad8 15. Ne3 d5 16. fxe5 Qxe5 17. Nc2 g5 18. Re1 fxe4 19. dxe4 d4 20. cxd4 cxd4 21. Rd1 Qc7 22. Nf2 Qb6 23. Nd3 Ne5 24. Nce1 Bg4 25. Qd2 Nc4 26. Qc2 Ne3 27. Bxe3 dxe3 28. a5 e2+ 29. axb6 Bd4+ 30. Nf2 Bxf2+ 31. Kh1 Rxd1 32. Qa4 Bxe1 0-1